Stolice Państw Świata- Nagła Śmierć - Statystyki

Ogólne statystyki
  • Ten quiz został rozwiązany 181 razy
    122 od ostatniego zresetowania
  • Średni wynik to 11 z 18
Answers on the Grid
Answers color-coded by a green-red scale on the quiz's grid according to % correct below.
Bonn
Brno
Sydney
Melbourne
Praia
Stambuł
Dżakarta
Rio de Janeiro
São Paulo
Nowy Jork
Toronto
Ciudad de la Paz
Barcelona
Bandar Seri Begawan
Santiago
São Tomé
Gaborone
Sajgon
Johannesburg
Brasilia
Almaty
Astana
Asmara
Tel Awiw
Malabo
Auckland
Ottawa
Lima
La Paz
Skopje
Glasgow
Bruksela
Damaszek
Kuwejt
Port Moresby
Zurych
 
Statystyki odpowiedzi
Odpowiedź % Poprawnych
Bruksela
88%
Santiago
81%
Skopje
81%
Brasilia
79%
Lima
79%
Dżakarta
74%
Damaszek
71%
Ottawa
71%
La Paz
69%
Kuwejt
64%
Astana
62%
Port Moresby
62%
Bandar Seri Begawan
50%
São Tomé
50%
Gaborone
43%
Praia
38%
Asmara
33%
Ciudad de la Paz
26%
Nie znaleziono quizów pasujących do podanych kryteriów
Rozkład punktacji
Procent ludzi z każdym wynikiem
Percentyl według liczby udzielonych odpowiedzi
Twoja historia wyników
Nie rozwiązałeś tego quizu od ostatniego zresetowania